000 00297nam a2200121Ia 4500
008 241015s9999 xx 000 0 und d
041 _aeng
082 _a339 MAN
100 _aMankiw/ Taylor
245 _aMacroeconomics
260 _bCengage Learning India
_aDehli
_c2020
300 _a449;. P. 25 cm
999 _c41817
_d41817